Documentoscopía (Registro nro. 12749)

Detalles MARC
000 -Cabecera
Campo de control de longitud fija 00769nam a22003017a 4500
005 - Fecha y hora de la última transacción
Campo de control 20251128163929.0
008 - Elementos de longitud fija--Información general
Campo de control de longitud fija 200911b2017 xxu||||| |||| 00| 0 spa d
020 ## - International Standard Book Number
Número Internacional Estándar del Libro (ISBN) 9786079389789
041 ## - Idioma
Código de idioma Español
082 ## - Clasificación Decimal Dewey
Número de clasificación 363.256.5 T355d
100 ## - Entrada principal--Autor personal
Nombre personal Texis Rojas, Tomás A.
9 (RLIN) 58651
245 ## - Título propiamente dicho
Título Documentoscopía
260 ## - Pie de imprenta
Lugar de publicación, distribución, etc. México
260 ## - Pie de imprenta
Nombre del editor, distribuidor, etc. Ubijus
260 ## - Pie de imprenta
Fecha de publicación, distribución, etc. 2017
300 ## - Descripción física
Extensión 294 páginas
490 ## - Serie
Título de la Serie Investigación Criminal
650 ## - Materia general
Temática (materia general) INVESTIGACIÓN CRIMINAL
650 ## - Materia general
Temática (materia general) DOCUMENTOSCOPÍA
650 ## - Materia general
Temática (materia general) PERICIA CALIGRÁFICA
650 ## - Materia general
Temática (materia general) HISTORIA DEL DOCUMENTO
650 ## - Materia general
Temática (materia general) PERITO
650 ## - Materia general
Temática (materia general) GRAFOSCOPÍA
650 ## - Materia general
Temática (materia general) IMPRESIÓN DIGITAL
650 ## - Materia general
Temática (materia general) INVESTIGACIÓN PERICIAL
650 ## - Materia general
Temática (materia general) DICTAMEN PERICIAL
942 ## - Punto de acceso adicional KOHA
Tipo de ítem KOHA Libro
Fuente del sistema de clasificación o colocación Dewey Decimal Classification
Existencias
Signatura completa Código de barras Programa Académico Tipo de ítem
363.256.5 25052 Investigación Criminal Libro